[Event "WJun"]
[Site "Nakhchivan AZE"]
[Date "2003.06.25"]
[Round "6"]
[White "Rohit,G"]
[Black "Wang,H"]
[Result "1-0"]
[WhiteElo "2357"]
[BlackElo "2226"]
[EventDate "2003.06.22"]

1. e4 c5 2. Nf3 d6 3. d4 Nf6 4. Nc3 cxd4 5. Nxd4 a6 6. Be3 e6 7. Be2 Be7 8.
O-O Qc7 9. f4 b5 10. a3 Bb7 11. Bf3 Nbd7 12. Qe1 Nc5 13. Bf2 O-O 14. Rd1
Rfe8 15. Bg3 Qb6 16. b4 Na4 17. Nxa4 bxa4 18. e5 dxe5 19. fxe5 Nd7 20. c4
Rad8 21. Kh1 Qc7 22. Bxb7 Qxb7 23. Qf2 Rf8 24. Qc2 Nb6 25. Rf3 Rc8 26. c5
a5 27. Be1 axb4 28. axb4 Nd5 29. Qxa4 Qc7 30. Bg3 Rfd8 31. Rfd3 Qb7 32. Nc2
Ra8 33. Qb3 Rdb8 34. Qc4 Ra4 35. Be1 h6 36. h3 Qc7 37. Qd4 Bg5 38. Ra3 Rxa3
39. Nxa3 Ne3 40. Qd6 Qa7 41. Ra1 Rd8 42. Qb6 Qa8 43. c6 Nc4 44. Qc5 Nxa3
45. b5 Rd5 46. Qxa3 Qe8 47. c7 1-0

[Event "WJun"]
[Site "Nakhchivan AZE"]
[Date "2003.06.25"]
[Round "6"]
[White "Gashimov,S"]
[Black "Agayev,N"]
[Result "1/2-1/2"]
[WhiteElo "2317"]
[BlackElo "2116"]
[EventDate "2003.06.22"]

1. e4 e5 2. d4 exd4 3. Qxd4 Nc6 4. Qe3 d6 5. Nc3 Nf6 6. Bd2 Be6 7. O-O-O
Qd7 8. f4 d5 9. f5 d4 10. Qe1 dxc3 11. Bxc3 Qe7 12. fxe6 Qxe6 13. e5 Nd7
14. b3 O-O-O 15. Bc4 Ba3+ 16. Kb1 Qe7 17. Nf3 Nb6 18. Rxd8+ Rxd8 19. Bb5
Nb4 20. e6 fxe6 21. Nd4 N6d5 22. Ba1 e5 23. Nf3 Qc5 24. Bd3 Nxd3 25. cxd3
Nb4 26. Qe2 Nxd3 27. Rd1 Nf4 28. Rxd8+ Kxd8 29. Qd2+ Qd6 30. Bxe5 Qxd2 31.
Nxd2 Nxg2 32. Bxg7 Bd6 33. Nf3 Ke7 34. Kc2 Kf7 35. Bd4 c5 36. Bg1 Ke6 37.
Kd3 Kd5 38. Ng5 h6 39. Nf7 Nf4+ 40. Kd2 Nh3 41. Be3 Bxh2 42. Nxh6 Bf4 43.
Ng4 Bxe3+ 44. Nxe3+ Kc6 45. Kc2 Nf4 46. a4 b6 47. Nc4 Ne6 48. Kc3 Nc7 49.
Ne5+ Kd5 50. Nc4 b5 51. axb5 Nxb5+ 52. Kd3 Nd4 53. Ne3+ Kc6 54. b4 Nb5 55.
bxc5 Kxc5 56. Nc4 Kb4 57. Ne5 a5 58. Nc6+ Ka4 59. Nxa5 Kxa5 1/2-1/2

[Event "WJun"]
[Site "Nakhchivan AZE"]
[Date "2003.06.25"]
[Round "6"]
[White "Safarli,E"]
[Black "Allemann,A"]
[Result "1-0"]
[WhiteElo "2201"]
[BlackElo "2254"]
[EventDate "2003.06.22"]

1. e4 c5 2. Nf3 Nc6 3. Nc3 d6 4. d4 cxd4 5. Nxd4 Nf6 6. Nde2 g6 7. g3 Bg7
8. Bg2 O-O 9. O-O Rb8 10. Nd5 b5 11. Bg5 Nd7 12. c3 Nc5 13. Nd4 Bxd4 14.
cxd4 Ne6 15. Be3 Bd7 16. Nc3 b4 17. Ne2 Na5 18. b3 Bb5 19. Rc1 Rc8 20. Qd2
Qb6 21. d5 Nc5 22. Rfd1 Bd7 23. Bd4 Nab7 24. h4 f6 25. Qe3 a5 26. f4 a4 27.
e5 Qd8 28. Bb2 Bg4 29. Re1 axb3 30. Nd4 bxa2 31. Nc6 Qd7 32. exf6 exf6 33.
Ne7+ Kh8 34. Nxc8 Qxc8 35. Qd2 Qd7 36. Re3 Qb5 37. Bd4 Qa4 38. Qb2 Nd7 39.
Rb3 Nbc5 40. Rxb4 Qa8 41. Qc3 Bf5 42. Ra1 Bb1 43. Raxb1 axb1=Q+ 44. Rxb1
Kg7 45. Re1 Qb8 46. Bh3 Re8 47. Be6 Qd8 48. g4 h6 49. g5 hxg5 50. hxg5 Rf8
51. Qg3 Qa5 52. Qh4 Nxe6 53. Rxe6 Rf7 54. Bxf6+ Rxf6 55. gxf6+ Kg8 56. Re8+
Kf7 57. Re7+ 1-0

[Event "WJun"]
[Site "Nakhchivan AZE"]
[Date "2003.06.25"]
[Round "6"]
[White "Jatautis,D"]
[Black "Agaragimov,D"]
[Result "1-0"]
[WhiteElo "2149"]
[BlackElo "2252"]
[EventDate "2003.06.22"]

1. e4 c5 2. Nf3 Nc6 3. Bb5 e6 4. O-O Nge7 5. c3 a6 6. Ba4 b5 7. Bc2 d5 8.
e5 Ng6 9. d4 Be7 10. Re1 O-O 11. Nbd2 Bd7 12. Nf1 b4 13. Ne3 bxc3 14. bxc3
Rb8 15. h4 cxd4 16. cxd4 Bxh4 17. g3 Be7 18. Kg2 Bb4 19. Rh1 Bc3 20. Rb1
Rxb1 21. Bxb1 Qb6 22. Ba3 Bb4 23. Bxb4 Qxb4 24. Ng5 Qxd4 25. Qh5 h6 26. Nf3
Qb2 27. Ng4 Rc8 28. Bxg6 fxg6 29. Qxg6 Kf8 30. Nxh6 Ke7 31. Qg5+ Kf8 32.
Ng4 Kf7 33. Rh7 1-0

[Event "WJun"]
[Site "Nakhchivan AZE"]
[Date "2003.06.25"]
[Round "6"]
[White "Baladjaev,G"]
[Black "Yilmaz,M"]
[Result "1/2-1/2"]
[WhiteElo "2177"]
[BlackElo "1941"]
[EventDate "2003.06.22"]

1. Nf3 d5 2. g3 c5 3. Bg2 Nc6 4. d4 e6 5. O-O Nf6 6. c4 dxc4 7. Qa4 Bd7 8.
Qxc4 Rc8 9. dxc5 Na5 10. Qd3 Bxc5 11. Nc3 O-O 12. Bg5 Bc6 13. Qc2 h6 14.
Rad1 Qe7 15. Bf4 Nd5 16. Nxd5 Bxd5 17. Qb1 Rfd8 18. b3 b5 19. e4 Ba8 20.
Be5 Nc6 21. Bb2 a5 22. Qa1 f6 23. Bh3 Rb8 24. a3 e5 25. Bg2 Qa7 26. h4 Rxd1
27. Qxd1 Rd8 28. Qe2 Qb6 29. Rc1 b4 30. Qc4+ Kh8 31. Qxc5 Qxc5 32. Rxc5 Rd3
33. axb4 axb4 34. Rc2 Rxb3 35. Ne1 Bb7 36. Bf1 Nd4 37. Bxd4 exd4 38. Nd3
Bxe4 39. Rd2 Rb1 40. Nc5 Bf3 41. Nd3 Be4 42. f4 b3 43. Kf2 Ra1 44. Be2 Ra2
45. Ke1 f5 46. Bf1 Kh7 47. Be2 Kg6 48. h5+ Kf6 49. Bf1 Ke7 50. Be2 Kd6 51.
Nb2 Bc2 52. Rxc2 bxc2 53. Nd3 Ra1+ 54. Kd2 Rg1 55. Kxc2 Rxg3 56. Ne5 Rh3
57. Bf3 Rh4 58. Nd3 Ke6 59. Kb3 Kf6 60. Kc4 g5 61. hxg6 Kxg6 62. Kxd4 Rh2
63. Ke5 Ra2 64. Nb4 Ra3 65. Bd1 Re3+ 66. Kd4 Re4+ 67. Kc3 Rxf4 68. Nd3 Re4
69. Kd2 Kg5 70. Bf3 Ra4 71. Ke3 h5 72. Kf2 f4 73. Nc5 Ra2+ 74. Be2 h4 75.
Ne6+ Kf5 76. Nd4+ Kf6 77. Nf3 h3 78. Nh2 Ke5 79. Nf3+ Kd5 80. Nh2 Ke5 81.
Nf3+ Kf6 82. Nh2 Ra3 83. Nf3 Ra7 84. Nh2 Re7 85. Bf1 Rh7 86. Bd3 Rg7 87.
Be4 Ke5 88. Bf3 Kf5 89. Bc6 Rc7 90. Bf3 Rc2+ 91. Be2 Kg5 92. Nf3+ Kf6 93.
Nh2 f3 94. Nxf3 Rxe2+ 95. Kxe2 1/2-1/2

[Event "WJun"]
[Site "Nakhchivan AZE"]
[Date "2003.06.26"]
[Round "7"]
[White "Guseinov,K"]
[Black "Zubov,A UKR"]
[Result "1/2-1/2"]
[WhiteElo "2505"]
[BlackElo "2494"]
[EventDate "2003.06.22"]

1. e4 d6 2. d4 Nf6 3. Nc3 g6 4. Nf3 Bg7 5. Be2 O-O 6. O-O Bg4 7. Be3 Nc6 8.
d5 Nb8 9. Nd2 Bxe2 10. Nxe2 c6 11. c4 Ng4 12. Bd4 Bxd4 13. Nxd4 Nf6 14. Qb3
Qc7 15. Rfe1 Nbd7 16. Qg3 Qb6 17. Nf5 Rae8 18. b3 Kh8 19. Nh6 e5 20. Qh4
Ng8 21. dxc6 bxc6 22. Rad1 Qd8 23. Qh3 Nc5 24. Nf3 Qe7 25. Nxg8 Kxg8 26.
Qh6 Rd8 27. b4 1/2-1/2

[Event "WJun"]
[Site "Nakhchivan AZE"]
[Date "2003.06.26"]
[Round "7"]
[White "Dziuba,M"]
[Black "Harikrishna,P"]
[Result "1/2-1/2"]
[WhiteElo "2450"]
[BlackElo "2563"]
[EventDate "2003.06.22"]

1. d4 Nf6 2. c4 e6 3. Nf3 d5 4. Nc3 dxc4 5. Qa4+ Nbd7 6. e4 c5 7. Bf4 Be7
8. dxc5 Bxc5 9. Bxc4 O-O 10. Qc2 Nh5 11. Bd2 Qc7 12. Nb5 Qb8 13. O-O a6 14.
Nbd4 b5 15. Bb3 Qb6 16. Be3 Bb7 17. Rad1 Rac8 18. Qe2 Nhf6 19. e5 Nd5 20.
Bc1 Rfd8 21. Bc2 Nf8 22. Nb3 Nb4 23. Bb1 Bd5 24. Nxc5 Qxc5 25. b3 Bxf3 26.
Qxf3 Rxd1 27. Qxd1 Qxe5 28. Be3 Nd5 29. Bd4 Qg5 30. Qd3 Ng6 31. g3 Rc1 32.
Bb2 Rc8 33. Qd4 Qf6 34. Qxf6 gxf6 35. f4 f5 36. a3 Nge7 37. Bd3 Rc6 38. Kf2
Nc8 39. Kf3 Nd6 40. h3 Kf8 41. g4 Ke7 42. Re1 Ne4 43. gxf5 Nd2+ 44. Kg3 h6
45. fxe6 Rxe6 46. Rxe6+ fxe6 47. a4 Nxb3 48. axb5 axb5 49. Bxb5 Nd2 50. Bd3
Nf6 51. Be5 Kf7 52. Kf2 Nde4+ 53. Kf3 Nc5 54. Bc4 Ncd7 55. Bd4 Ke7 56. Kg3
Ne4+ 57. Kh4 Ndf6 58. Bb2 1/2-1/2

[Event "WJun"]
[Site "Nakhchivan AZE"]
[Date "2003.06.26"]
[Round "7"]
[White "Schneider,Dm"]
[Black "Kritz,L"]
[Result "1/2-1/2"]
[WhiteElo "2424"]
[BlackElo "2468"]
[EventDate "2003.06.22"]

1. e4 c5 2. Nf3 d6 3. d4 cxd4 4. Nxd4 Nf6 5. Nc3 Nc6 6. f3 e5 7. Nb3 Be7 8.
Be3 O-O 9. Qd2 a5 10. Bb5 Na7 11. Bd3 Be6 12. Qf2 Nc8 13. Bb5 Ne8 14. O-O
Bh4 15. g3 Bg5 16. f4 exf4 17. gxf4 Bh4 18. Qg2 Nc7 19. Bd3 Bd7 20. Nd4 Bf6
21. e5 Be7 22. Rad1 a4 23. Rf3 Ra5 24. Rg3 g6 25. f5 Rxe5 26. fxg6 fxg6 27.
Rxg6+ Kh8 28. Bh6 Bf6 29. Bg7+ 1/2-1/2

[Event "WJun"]
[Site "Nakhchivan AZE"]
[Date "2003.06.26"]
[Round "7"]
[White "Werle,J"]
[Black "Azarov,S"]
[Result "1/2-1/2"]
[WhiteElo "2404"]
[BlackElo "2530"]
[EventDate "2003.06.22"]

1. e4 e5 2. Nf3 Nc6 3. Bb5 a6 4. Ba4 Nf6 5. O-O Be7 6. Re1 b5 7. Bb3 O-O 8.
c3 d5 9. exd5 Nxd5 10. Nxe5 Nxe5 11. Rxe5 c6 12. d4 Bd6 13. Re2 Bg4 14. f3
Bh5 15. Nd2 Nf4 16. Re4 Qg5 17. g3 Qg6 18. Kh1 Nh3 19. Qf1 Ng5 20. g4 Nxe4
21. Nxe4 Bxg4 22. Nxd6 Be6 23. Bf4 Bxb3 24. axb3 Rad8 25. Ne4 Qf5 26. Be5
f6 27. Bg3 Qd5 28. b4 f5 29. Nc5 f4 30. Be1 Rde8 31. Bd2 g5 32. Qg2 h6 33.
Nd3 Kh7 34. Ne5 Rf5 35. Re1 Kg7 36. Re4 Qb3 37. Qe2 Rf6 38. Bc1 Rfe6 39.
Qd3 Qd5 40. Qc2 Qa2 41. Re1 Qd5 42. b3 Rxe5 43. dxe5 Qxf3+ 44. Kg1 Qh3 45.
c4 f3 46. Bb2 Re6 47. cxb5 axb5 48. Qd2 Qg4+ 49. Kh1 Qf5 50. Qf2 Kg6 51.
Rg1 Re8 52. Rg3 Qb1+ 53. Rg1 Qf5 54. Rf1 g4 55. Qh4 h5 56. Kg1 Rf8 57. Rd1
f2+ 58. Kf1 Rf7 59. e6 Qf3 60. exf7 Qxd1+ 61. Kxf2 Qf3+ 62. Ke1 Qe3+ 63.
Kd1 Qxb3+ 64. Kc1 Qc4+ 65. Kd2 Qxb4+ 66. Bc3 Qf4+ 67. Kc2 Qxf7 68. Kb2 c5
69. Qg3 b4 70. Qd3+ Qf5 71. Qd6+ Kf7 72. Qc7+ Ke8 73. Be5 Qf2+ 74. Ka1
1/2-1/2

[Event "WJun"]
[Site "Nakhchivan AZE"]
[Date "2003.06.26"]
[Round "7"]
[White "Pantsulaia,L"]
[Black "Sadykov,R"]
[Result "1-0"]
[WhiteElo "2465"]
[BlackElo "2416"]
[EventDate "2003.06.22"]

1. c4 Nf6 2. Nf3 b6 3. g3 Bb7 4. Bg2 e6 5. O-O Be7 6. Nc3 O-O 7. d4 Ne4 8.
Qc2 Nxc3 9. Qxc3 f5 10. b3 Bf6 11. Bb2 d6 12. Rfe1 Qe7 13. Qd2 Nd7 14. Nh4
Bxg2 15. Nxg2 Qf7 16. Nf4 Bg5 17. e3 Rae8 18. Rad1 Nf6 19. Qc2 a5 20. a3
Qd7 21. Ne2 Ne4 22. Kg2 Qf7 23. f3 Nf6 24. Nf4 Bh6 25. Nd3 Qh5 26. Nf2 Re7
27. Qe2 g5 28. e4 Ree8 29. e5 Nd7 30. exd6 cxd6 31. c5 Nf6 32. cxd6 Nd5 33.
d7 Re7 34. a4 Rd8 35. Ba3 Rexd7 36. Qxe6+ Rf7 37. Re5 Qg6 38. Rde1 Qxe6 39.
Rxe6 Bf8 40. Re8 Rxe8 41. Rxe8 Kg7 42. Re5 Ne3+ 43. Rxe3 Bxa3 44. Re5 Bb2
45. Rd5 Ba1 46. Nd3 Rc7 47. Rxf5 Bxd4 48. Rxg5+ Kf6 49. Rd5 Rc2+ 50. Kh1
Be3 51. Re5 Bd4 52. Re4 Ba1 53. Rc4 Rd2 54. Nf4 Bd4 55. b4 axb4 56. Rxb4
Bc5 57. Rc4 Bf2 58. Kg2 Be3+ 59. Kh3 Bg1 60. Ng2 Ra2 61. g4 Bf2 62. Re4 Rb2
63. Nf4 Rb3 64. Kg2 Bc5 65. h4 Rb2+ 66. Kg3 Bf2+ 67. Kh3 Bg1 68. g5+ Kf7
69. Kg4 Rc2 70. h5 Bh2 71. Nd5 Rg2+ 72. Kf5 1-0

[Event "WJun"]
[Site "Nakhchivan AZE"]
[Date "2003.06.26"]
[Round "7"]
[White "Mamedov,Rau"]
[Black "Mastrovasilis,D"]
[Result "1-0"]
[WhiteElo "2330"]
[BlackElo "2456"]
[EventDate "2003.06.22"]

1. e4 e5 2. Nf3 Nc6 3. Bc4 Nf6 4. d3 Be7 5. O-O O-O 6. c3 d6 7. Bb3 h6 8.
Re1 Nh7 9. Be3 Kh8 10. d4 f5 11. exf5 e4 12. Nfd2 Bxf5 13. Nf1 Qd7 14. Ng3
Rae8 15. Nxf5 Qxf5 16. Nd2 Nf6 17. h3 d5 18. c4 Nb4 19. cxd5 Bd6 20. Nc4
Nd3 21. Nxd6 cxd6 22. Rf1 h5 23. Qd2 Nxd5 24. Bxd5 Qxd5 25. f3 Qe6 26. fxe4
Rxf1+ 27. Rxf1 Qxe4 28. Rf3 Kh7 29. Kh2 Rc8 30. Bg1 Nc1 31. Qg5 Qg6 32. Qe7
Re8 33. Qxb7 Ne2 34. Bf2 Re4 35. Rf7 d5 36. Qxd5 Nxd4 37. Bxd4 Rxd4 38.
Qxd4 Qxf7 39. a4 a6 40. Qe5 g6 41. b4 Qb7 42. b5 axb5 43. axb5 Qb6 44. Kh1
Kh6 45. Kh2 Kh7 46. Qd5 Qc7+ 47. Kg1 Qb6+ 48. Kf1 Qe3 49. Qc6 Qd3+ 50. Ke1
Kh6 51. b6 Qe3+ 52. Kd1 Qb3+ 53. Kd2 Qb2+ 54. Kd3 Qb3+ 55. Kd4 Qb2+ 56. Kc5
Qa3+ 57. Kd5 Qd3+ 58. Ke6 Qf5+ 59. Ke7 Qe5+ 60. Kd7 Qg7+ 61. Kc8 Qg8+ 62.
Kb7 Qg7+ 63. Ka8 Qf8+ 64. Ka7 Qa3+ 65. Kb7 Qe7+ 66. Qc7 Qe4+ 67. Kc8 Qe6+
68. Kd8 Qf6+ 69. Kd7 Qf5+ 70. Kd6 Qd3+ 71. Ke7 Qe4+ 72. Kd8 Qd5+ 73. Qd7
Qg8+ 74. Ke7 Qg7+ 75. Ke6 Qg8+ 76. Ke5 Qb8+ 77. Qd6 Qe8+ 78. Kf6 Qb5 79.
Qf8+ 1-0

[Event "WJun"]
[Site "Nakhchivan AZE"]
[Date "2003.06.26"]
[Round "7"]
[White "Kanep,M"]
[Black "Arun Prasad,S"]
[Result "1-0"]
[WhiteElo "2446"]
[BlackElo "2275"]
[EventDate "2003.06.22"]

1. d4 d5 2. c4 e6 3. Nc3 Nf6 4. cxd5 exd5 5. Bg5 Be7 6. e3 O-O 7. Bd3 c6 8.
Nf3 Nbd7 9. Qc2 Re8 10. O-O-O Nf8 11. h4 a5 12. Kb1 b5 13. Ne5 Bb7 14. g4
a4 15. f4 N6d7 16. Bxe7 Qxe7 17. g5 Nxe5 18. fxe5 Ba6 19. Rhf1 Qa7 20. Ne2
c5 21. dxc5 Rxe5 22. Nd4 Rxe3 23. Nf5 Rxd3 24. Qxd3 b4 25. Qxd5 Bxf1 26.
Rxf1 Rc8 27. c6 Ne6 28. Qd6 Kh8 29. Rc1 b3 30. Ne7 bxa2+ 31. Kxa2 Rc7 32.
Nd5 Qd4 33. Rc3 Qd2 34. Qe5 Rc8 35. c7 Qd1 36. Ne7 Rxc7 37. Rxc7 Nxc7 38.
Qxc7 Qb3+ 39. Kb1 Qd1+ 40. Qc1 Qd3+ 41. Ka1 Qd8 42. Qc8 Qxc8 43. Nxc8 f5
44. gxf6 gxf6 45. Nb6 f5 46. Nxa4 f4 47. Nc3 f3 48. Nd1 Kg7 49. b4 Kf6 50.
Kb2 1-0

[Event "WJun"]
[Site "Nakhchivan AZE"]
[Date "2003.06.26"]
[Round "7"]
[White "Kuparadze,G"]
[Black "Mahesh Chandran,P"]
[Result "1-0"]
[WhiteElo "2227"]
[BlackElo "2419"]
[EventDate "2003.06.22"]

1. e4 e5 2. Nf3 Nc6 3. Bb5 a6 4. Ba4 Nf6 5. Bxc6 dxc6 6. d3 Nd7 7. O-O Bd6
8. Nbd2 O-O 9. Nc4 c5 10. a4 f6 11. Nh4 Nb8 12. Nf5 Bxf5 13. exf5 Nc6 14.
Qf3 Qd7 15. Be3 Kh8 16. Kh1 Rab8 17. Nd2 b5 18. b3 Be7 19. Ne4 c4 20. axb5
axb5 21. dxc4 bxc4 22. Rfd1 Qe8 23. bxc4 Nb4 24. Qe2 Ra8 25. Nc5 Qc6 26.
Ne6 Rxa1 27. Rxa1 Ra8 28. Rxa8+ Qxa8 29. h4 g6 30. Qg4 Qe8 31. c3 Na6 32.
c5 c6 33. Qc4 Nb8 34. Nc7 Qg8 35. Qg4 Qc8 36. Ne6 Qe8 37. fxg6 hxg6 1-0

[Event "WJun"]
[Site "Nakhchivan AZE"]
[Date "2003.06.26"]
[Round "7"]
[White "Kozak,L"]
[Black "Bachin,V"]
[Result "0-1"]
[WhiteElo "2178"]
[BlackElo "2443"]
[EventDate "2003.06.22"]

1. d4 d6 2. Nf3 Bg4 3. Bf4 Nd7 4. Nbd2 c5 5. c3 Ngf6 6. h3 Bxf3 7. exf3
cxd4 8. cxd4 e6 9. Bd3 Qb6 10. Nb3 d5 11. O-O Bd6 12. Bd2 Bb4 13. Re1 O-O
14. f4 g6 15. Bxb4 Qxb4 16. Qd2 Qxd2 17. Nxd2 Rfc8 18. Rac1 Kf8 19. g3 Ne8
20. Bb5 Nb6 21. Bxe8 Kxe8 22. b3 a5 23. a4 Ke7 24. Nb1 Rc6 25. Rc3 Rac8 26.
Rec1 Nd7 27. f3 f6 28. Kf2 e5 29. fxe5 fxe5 30. Ke3 Kd6 31. dxe5+ Nxe5 32.
f4 Nd7 33. Rxc6+ bxc6 34. Nd2 Re8+ 35. Kf3 Nc5 36. Rd1 Rb8 37. Rb1 Ne6 38.
Ke3 c5 39. Kd3 Nd4 40. Ke3 Re8+ 41. Kd3 Re2 42. Nf3 Rg2 43. Nxd4 Rxg3+ 44.
Kc2 cxd4 45. Rh1 Rc3+ 46. Kb2 Rf3 47. h4 Rxf4 48. h5 g5 49. h6 Rf2+ 50. Kc1
Kc5 51. Rg1 Kb4 52. Rg3 Rh2 53. Kd1 g4 54. Rd3 Kc5 55. Rg3 Rxh6 56. Rxg4
Rh2 57. Rg7 Kb4 58. Rd7 Kxb3 59. Rxd5 Kc3 60. Rc5+ Kd3 61. Kc1 Rh1+ 62. Kb2
Ke4 63. Rxa5 d3 64. Kc3 Rh2 65. Ra7 Rc2+ 66. Kb3 h5 67. Re7+ Kf3 68. Rf7+
Ke2 69. Re7+ Kd1 70. Re5 h4 71. Rg5 Rc8 0-1

[Event "WJun"]
[Site "Nakhchivan AZE"]
[Date "2003.06.26"]
[Round "7"]
[White "Murariu,A"]
[Black "Deepan,C"]
[Result "1/2-1/2"]
[WhiteElo "2347"]
[BlackElo "2379"]
[EventDate "2003.06.22"]

1. e4 c5 2. Nc3 Nc6 3. Nge2 d6 4. d4 cxd4 5. Nxd4 Nf6 6. Bg5 Bd7 7. Qd2 a6
8. f4 e6 9. O-O-O Be7 10. Be2 h6 11. Bh4 g5 12. fxg5 Nh7 13. Nxc6 bxc6 14.
Kb1 hxg5 15. Bg3 e5 16. Bc4 Qc8 17. Na4 Rb8 18. Nc5 Nf6 19. Nxd7 Qxd7 20.
Rhf1 Qb7 21. b3 Rf8 22. Qe2 a5 23. Rf5 Nd7 24. Qh5 Qb4 25. Bxf7+ Kd8 26.
Bg6 a4 27. Rxf8+ Bxf8 28. Qxg5+ Kc7 29. Qd2 axb3 30. cxb3 Qa3 31. Qb2 Qa6
32. Bf2 Bh6 33. Bf7 Nf6 34. Bc4 Qa5 35. Qe2 Qc3 36. Be1 Qe3 37. Ba5+ Kd7
38. Qxe3 Bxe3 39. Re1 Bd4 40. Bd2 d5 41. Bd3 Rg8 42. g3 Ke6 43. Be3 Bxe3
44. Rxe3 Rh8 45. Re2 Nxe4 46. Bxe4 dxe4 47. a4 Kd5 48. Kc2 Kd4 49. Kd2 Rb8
50. Re3 c5 51. Rc3 e3+ 52. Rxe3 c4 53. bxc4 Rb2+ 54. Kc1 Rxh2 55. Ra3 e4
56. a5 e3 57. Kd1 Rh1+ 58. Ke2 Rh2+ 59. Kf1 Rh1+ 60. Ke2 Rh2+ 1/2-1/2

[Event "WJun"]
[Site "Nakhchivan AZE"]
[Date "2003.06.26"]
[Round "7"]
[White "Pacheco,M"]
[Black "Gupta,A"]
[Result "1-0"]
[WhiteElo "2349"]
[BlackElo "2335"]
[EventDate "2003.06.22"]

1. d4 Nf6 2. c4 Nc6 3. Nf3 e6 4. a3 d6 5. Nc3 g6 6. d5 Ne7 7. e4 Bg7 8. Be2
O-O 9. O-O a5 10. Rb1 e5 11. Ne1 Ne8 12. Be3 f5 13. f3 f4 14. Bf2 g5 15. c5
Bd7 16. Qb3 Qb8 17. Bb5 Bxb5 18. Nxb5 h5 19. Rc1 Rf7 20. cxd6 cxd6 21. Bb6
Nc8 22. Bf2 g4 23. Qc3 Bf6 24. Kh1 Bd8 25. g3 fxg3 26. Bxg3 Ne7 27. Ng2 Nf6
28. Qe3 Ng6 29. Qh6 Rg7 30. Ne3 Nf8 31. Nf5 Rg6 32. Qe3 gxf3 33. Qxf3 Ra6
34. Bh4 Rb6 35. a4 N8h7 36. Rg1 Rxg1+ 37. Rxg1+ Kf8 38. Ng7 1-0

[Event "WJun"]
[Site "Nakhchivan AZE"]
[Date "2003.06.26"]
[Round "7"]
[White "Geirnaert,S"]
[Black "Rohit,G"]
[Result "0-1"]
[WhiteElo "2289"]
[BlackElo "2357"]
[EventDate "2003.06.22"]

1. e4 c5 2. Nf3 d6 3. d4 cxd4 4. Nxd4 Nf6 5. Nc3 Nc6 6. g3 Bd7 7. Bg2 g6 8.
O-O Bg7 9. Nde2 Rc8 10. h3 O-O 11. Be3 a6 12. g4 Na5 13. Bd4 Nc4 14. b3 Na5
15. Qd2 Nc6 16. Be3 b5 17. a3 Nb8 18. Rad1 Bc6 19. Bd4 Nbd7 20. Ng3 Ba8 21.
Rfe1 Kh8 22. Re2 Nc5 23. f4 Ne6 24. Bxf6 Bxf6 25. e5 Qb6+ 26. Kh1 dxe5 27.
Bxa8 exf4 28. Nd5 Qb8 29. Ne4 Rfd8 30. Nexf6 exf6 31. c4 bxc4 32. bxc4 Qxa8
33. Qc3 Kg8 34. Kh2 Rxd5 35. Rxd5 Qxd5 36. cxd5 Rxc3 37. dxe6 Kf8 38. Re4
Rxa3 39. Rxf4 fxe6 40. Rxf6+ Ke7 41. Rf4 h6 42. h4 g5 43. Re4 gxh4 44. Re5
Kf6 45. Rh5 e5 46. Rxh6+ Kg5 47. Rh5+ Kf4 48. Rxh4 Ra2+ 49. Kh3 Ra3+ 50.
Kh2 a5 51. Rh5 Re3 52. g5 Kg4 53. g6 Re2+ 54. Kg1 Kxh5 55. g7 Re4 0-1

[Event "WJun"]
[Site "Nakhchivan AZE"]
[Date "2003.06.26"]
[Round "7"]
[White "Olsson,L"]
[Black "Jirka,J"]
[Result "0-1"]
[WhiteElo "2252"]
[BlackElo "2394"]
[EventDate "2003.06.22"]

1. d4 d5 2. c4 c6 3. Nf3 Nf6 4. Nc3 a6 5. Qb3 b5 6. cxd5 cxd5 7. a4 b4 8.
Qxb4 Nc6 9. Qb3 Rb8 10. Qd1 Bf5 11. Nh4 Qc8 12. e4 Bxe4 13. Be2 Nb4 14. O-O
Bc2 15. Qd2 e6 16. Qg5 h6 17. Qg3 g5 18. Nf3 Bf5 19. h4 g4 20. Ne1 Qd8 21.
Qe3 Bd6 22. Na2 Ne4 23. g3 Nxa2 24. Rxa2 a5 25. Bb5+ Kf8 26. Nd3 Rc8 27.
Ra1 Qf6 28. Qe1 Ng5 29. hxg5 hxg5 30. f4 Rc2 31. Rf2 Qh6 32. Rxc2 Qh1+ 33.
Kf2 Rh2+ 34. Ke3 Qe4+ 0-1

[Event "WJun"]
[Site "Nakhchivan AZE"]
[Date "2003.06.26"]
[Round "7"]
[White "Agayev,N"]
[Black "Hanley,C"]
[Result "0-1"]
[WhiteElo "2116"]
[BlackElo "2375"]
[EventDate "2003.06.22"]

1. Nf3 Nf6 2. g3 d5 3. c4 c6 4. b3 dxc4 5. bxc4 e5 6. Bb2 e4 7. Ne5 Bd6 8.
Bg2 Qe7 9. f4 Nbd7 10. Nxd7 Bxd7 11. e3 O-O-O 12. Qc2 Bf5 13. Bd4 Bc5 14.
Bxc5 Qxc5 15. O-O Rd3 16. h3 h5 17. Rf2 Rg8 18. Nc3 Qxc4 19. Bf1 Qc5 20.
Bxd3 exd3 21. Qb3 Be6 22. Qb1 Qf5 23. Rh2 g5 24. Qb4 gxf4 25. exf4 Rxg3+
26. Kf2 Rxh3 27. Rxh3 Qxh3 28. Qf8+ Kd7 29. Rg1 Qh2+ 30. Rg2 Ng4+ 31. Kf3
Qh3+ 32. Rg3 Qf1+ 33. Ke4 f5+ 0-1

[Event "WJun"]
[Site "Nakhchivan AZE"]
[Date "2003.06.26"]
[Round "7"]
[White "Esplana,C"]
[Black "Monroy,C"]
[Result "1-0"]
[WhiteElo "2367"]
[BlackElo "2294"]
[EventDate "2003.06.22"]

1. e4 Nf6 2. e5 Nd5 3. d4 d6 4. Nf3 dxe5 5. dxe5 Bg4 6. Bb5+ c6 7. Be2 Nd7
8. c4 N5b6 9. Qd4 Bxf3 10. Bxf3 e6 11. O-O Qc7 12. Bf4 g5 13. Bxg5 Qxe5 14.
Qh4 Qxb2 15. Nd2 h6 16. Be3 Be7 17. Qe4 O-O-O 18. Nb3 Qe5 19. Qc2 Qc7 20.
a4 Ne5 21. Be2 Rhg8 22. a5 Nbxc4 23. Bxa7 c5 24. Rfc1 Qc6 25. g3 Bf6 26.
Bxc5 Kb8 27. Bd4 h5 28. a6 b5 29. a7+ Ka8 30. f4 Rxd4 31. Nxd4 Qd5 32. Nxb5
Qc5+ 33. Kh1 Qc6+ 34. Kg1 Qc5+ 35. Kh1 Qc6+ 36. Kg1 Qc5+ 37. Kg2 Ne3+ 38.
Kh3 Nxc2 39. fxe5 Qc6 40. Rxc2 Qe4 41. Nc7+ Kb7 42. Rb2+ 1-0

[Event "WJun"]
[Site "Nakhchivan AZE"]
[Date "2003.06.26"]
[Round "7"]
[White "Jatautis,D"]
[Black "Gashimov,S"]
[Result "1/2-1/2"]
[WhiteElo "2149"]
[BlackElo "2317"]
[EventDate "2003.06.22"]

1. Nf3 Nf6 2. c4 b6 3. g3 Bb7 4. Bg2 e6 5. O-O c5 6. Nc3 Be7 7. Re1 d5 8.
cxd5 exd5 9. d4 O-O 10. Bf4 Nbd7 11. Rc1 Ne4 12. Qa4 a6 13. dxc5 Bxc5 14.
e3 b5 15. Qb3 Bb6 16. Red1 Ndc5 17. Qc2 Rc8 18. Nxe4 Nxe4 19. Qd3 Qe7 20.
Be5 Rcd8 21. b3 Rfe8 22. Bd4 Bxd4 23. Qxd4 b4 24. Qb6 Nc3 25. Rd2 Rc8 26.
Rf1 Rc6 27. Qa5 Qc5 28. Qxc5 Rxc5 29. Nd4 Ra5 30. Ra1 Rc8 31. Bf3 g6 32.
Kg2 Ne4 33. Bxe4 dxe4 34. Rc2 Rxc2 35. Nxc2 Rc5 36. Nd4 Bd5 37. h4 Kg7 38.
Kf1 Kh6 39. Rd1 a5 40. Kg2 Bb7 41. Ra1 Ba6 42. a3 bxa3 43. Rxa3 Bd3 44. Ra1
Kg7 45. Ra4 h6 46. b4 axb4 47. Rxb4 Ba6 48. Ra4 Bc8 49. Ra1 Rc7 50. Rb1 Bg4
51. Ra1 f6 52. Ra6 Re7 53. Ra5 h5 54. Rb5 Ra7 55. Rb1 Ra6 56. Rc1 Kh6 57.
Rb1 g5 58. Rc1 Kg6 59. Rb1 Bd7 60. Rb7 Rd6 61. Rc7 f5 62. hxg5 Kxg5 63. Ra7
h4 64. gxh4+ Kxh4 65. Ne2 Kg4 66. Ra8 Rg6 67. Rh8 Kg5 68. Nf4 Rg7 69. Rh3
Kf6+ 70. Rg3 Rh7 71. Rh3 Rf7 72. Rh6+ Kg7 73. Rg6+ Kh7 74. Rg5 Ba4 75. Rh5+
Kg7 76. Rg5+ Kf8 77. Kg3 Bd7 1/2-1/2

[Event "WJun"]
[Site "Nakhchivan AZE"]
[Date "2003.06.26"]
[Round "7"]
[White "Wang,H"]
[Black "Safarli,E"]
[Result "0-1"]
[WhiteElo "2226"]
[BlackElo "2201"]
[EventDate "2003.06.22"]

1. e4 c5 2. Nf3 e6 3. d4 cxd4 4. Nxd4 Nf6 5. Nc3 d6 6. f4 a6 7. Nf3 Be7 8.
Bd3 O-O 9. O-O b5 10. a3 Bb7 11. Qe1 Nbd7 12. Kh1 Nc5 13. b4 Ncd7 14. e5
Ne8 15. Ne4 Bxe4 16. Qxe4 g6 17. g4 Ng7 18. Nd4 Qc7 19. Nc6 Rae8 20. Bb2
dxe5 21. Nxe7+ Rxe7 22. fxe5 Nb6 23. Bd4 Nc4 24. Rf2 Rd8 25. Bc5 Red7 26.
Bxc4 bxc4 27. Raf1 Ne8 28. Re2 Rd5 29. Kg1 c3 30. Rf3 Rd1+ 31. Kg2 R8d2 32.
Rxc3 Qd8 33. Rce3 Qh4 34. Qf3 Nc7 35. c4 g5 36. Bd6 Qe1 37. Qf2 Qh1+ 38.
Kh3 Rxe2 39. Qxe2 Ne8 40. c5 Rd4 41. Rf3 h5 42. Rg3 Ng7 43. Qg2 Qd1 44. Qg1
hxg4+ 45. Kg2 Qe2+ 46. Qf2 Qe4+ 47. Kg1 Rd1+ 48. Qf1 Rxf1+ 49. Kxf1 Nf5 50.
Rc3 Qh1+ 51. Ke2 Qg2+ 52. Kd3 Qd5+ 53. Kc2 Nd4+ 54. Kb1 Qh1+ 55. Rc1 Qe4+
56. Kb2 Qd3 0-1

[Event "WJun"]
[Site "Nakhchivan AZE"]
[Date "2003.06.26"]
[Round "7"]
[White "Yilmaz,M"]
[Black "Masse,H"]
[Result "0-1"]
[WhiteElo "1941"]
[BlackElo "2120"]
[EventDate "2003.06.22"]

1. e4 e5 2. Nf3 Nc6 3. Bb5 a6 4. Ba4 Nf6 5. O-O Nxe4 6. d4 b5 7. Bb3 d5 8.
dxe5 Be6 9. Qe2 Bc5 10. Be3 Ne7 11. Rd1 O-O 12. Nc3 Nxc3 13. bxc3 Bxe3 14.
Qxe3 Qb8 15. Qg5 Re8 16. Nh4 c5 17. a3 h6 18. Qh5 g6 19. Qe2 Qb6 20. c4
bxc4 21. Ba4 Red8 22. Qd2 Kh7 23. Rab1 Qc7 24. Re1 Rab8 25. Rxb8 Rxb8 26.
c3 Rd8 27. Bc2 d4 28. Be4 Qa5 29. Qf4 Qxc3 30. Rf1 Nd5 31. Bxd5 Bxd5 32.
Qf6 Rd7 33. Nf5 gxf5 34. Qxf5+ Kg7 35. Qxd7 Be6 36. Qe7 d3 37. Qxc5 d2 38.
f4 Qd3 0-1